Guess the 1960s song lyrics #215 - Statistics

General Stats
  • This quiz has been taken 15 times
  • The average score is 73 of 142
Answer Stats
Answer % Correct
a
91%
the
91%
I
82%
In
82%
to
82%
and
73%
And
73%
for
73%
Man
73%
me
73%
no
73%
not
73%
you
73%
your
73%
come
64%
go
64%
I'm
64%
there
64%
ain't
55%
Byrds
55%
goin
55%
I'll
55%
my
55%
be
45%
followin
45%
have
45%
Hey
45%
it
45%
jangle
45%
jingle
45%
morning
45%
Mr
45%
Mr.
45%
place
45%
play
45%
song
45%
Take
45%
Tambourine
45%
All
36%
ready
36%
sleepy
36%
too
36%
trip
36%
been
27%
can't
27%
magic
27%
only
27%
ship
27%
swirling
27%
upon
27%
anywhere
18%
hands
18%
promise
18%
under
18%
Wait
18%
way
18%
boot
9%
Cast
9%
dancing
9%
fade
9%
feel
9%
grip
9%
heels
9%
numb
9%
own
9%
parade
9%
senses
9%
spell
9%
step
9%
stripped
9%
toes
9%
Unto
9%
wanderin
9%
No matching quizzes found
Score Distribution
Percent of People with Each Score
Percentile by Number Answered
Your Score History
You have not taken this quiz